| 000 | 01240nam a2200325Ia 4500 | ||
|---|---|---|---|
| 001 | ebr10579264 | ||
| 003 | CaPaEBR | ||
| 006 | m u | ||
| 007 | cr cn||||||||| | ||
| 008 | 041116s2005 nyu sb s001 0 eng d | ||
| 010 | _z 2004027304 | ||
| 020 | _z0791465195 (hardcover : alk. paper) | ||
| 020 | _z9780791465196 | ||
| 020 | _z9780791482940 (ebook) | ||
| 040 |
_aCaPaEBR _cCaPaEBR |
||
| 035 | _a(OCoLC)461442879 | ||
| 050 | 1 | 4 |
_aB378 _b.W66 2005eb |
| 100 | 1 |
_aWood, Kelsey, _d1960- |
|
| 245 | 1 | 0 |
_aTroubling play _h[electronic resource] : _bmeaning and entity in Plato's Parmenides / _cKelsey Wood. |
| 260 |
_aAlbany : _bState University of New York Press, _cc2005. |
||
| 300 | _a205 p. | ||
| 504 | _aIncludes bibliographical references (p. 193-198) and index. | ||
| 533 |
_aElectronic reproduction. _bPalo Alto, Calif. : _cebrary, _d2011. _nAvailable via World Wide Web. _nAccess may be limited to ebrary affiliated libraries. |
||
| 600 | 0 | 0 |
_aPlato. _tParmenides. |
| 650 | 0 | _aDialectic. | |
| 650 | 0 | _aOntology. | |
| 655 | 7 |
_aElectronic books. _2local |
|
| 710 | 2 | _aebrary, Inc. | |
| 856 | 4 | 0 |
_uhttp://site.ebrary.com/lib/rucke/Doc?id=10579264 _zAn electronic book accessible through the World Wide Web; click to view |
| 999 |
_c86398 _d86398 |
||